Quiz o krajach NATO - Statystyki

Ogólne statystyki
  • Ten quiz został rozwiązany 1 358 razy
  • Średni wynik to 26 z 30
Statystyki odpowiedzi
Rok dołączenia Kraj % Poprawnych
1999 Polska
99%
1949 Stany Zjednoczone
97%
1955 Niemcy
96%
1982 Hiszpania
95%
1949 Francja
94%
1949 Wielka Brytania
93%
1949 Portugalia
92%
1949 Włochy
92%
1999 Czechy
91%
1949 Kanada
91%
1949 Norwegia
91%
2004 Słowacja
90%
2004 Litwa
89%
2004 Łotwa
88%
2004 Estonia
87%
1949 Belgia
86%
1952 Grecja
85%
1949 Holandia
85%
2009 Chorwacja
84%
1999 Węgry
84%
1949 Dania
82%
2004 Słowenia
82%
1952 Turcja
82%
2004 Rumunia
81%
2004 Bułgaria
76%
1949 Luksemburg
75%
1949 Islandia
70%
2009 Albania
68%
2020 Macedonia Północna
67%
2017 Czarnogóra
65%
Nie znaleziono quizów pasujących do podanych kryteriów
Rozkład punktacji
Procent ludzi z każdym wynikiem
Percentyl według liczby udzielonych odpowiedzi
Twoja historia wyników
Nie rozwiązałeś tego quizu